00392 2200157 4500001002100000005001500021008004100036020000600077035001900083082001000102090001600112100001600128245004300144260001600187300003100203INLIS00000000000248220220725120611220725||||||||| | ||| |||| ||  a- 0010-07220024820 a635.6 a635.6 Soe m0 aSOEWITO, DS00aMemanfaatkan lahan bercocok tanam Tmun aDepokc1990 ap,.;Pig,.;74,.;Bil,.;21 Cm